|
|
|
|
| LEADER |
00000nam2a2200000 4500 |
| 001 |
350737 |
| 005 |
20231102010331.0 |
| 035 |
|
|
|a (RuTPU)RU\TPU\retro\4999
|
| 090 |
|
|
|a 350737
|
| 100 |
|
|
|a 20190226d1978 k y0rusy50 ca
|
| 101 |
0 |
|
|a rus
|
| 102 |
|
|
|a KZ
|
| 105 |
|
|
|a a z 101zy
|
| 200 |
0 |
|
|a Секция: Диэлектрическая электроника
|
| 210 |
|
|
|d 1978
|
| 215 |
|
|
|a 98 с.
|c ил.
|
| 317 |
|
|
|5 63413507: КР-6089
|a Поступил в НТБ в 1987 г. в дар от вдовы ученого Е. К. Завадовской
|
| 320 |
|
|
|a Библиография в конце докладов
|
| 330 |
|
|
|a Тезисы докладов и сообщений третьей секции Всесоюзной конференции "Физика диэлектриков и новые облаети их применения" освещают новейшие исследования, проводимые в СССР, по проблеме "Диэлектрическая электроника". В сборнике представлены работы по следующий направлениям: диэлектрические свойства тонких пленок, сильные электрические поля в тонких пленках, распределение электрического заряда в тонких пленках, фотопроводимость тонких пленок, влияние технологии изготовления на электрическую прочность тонких пленок, электретные эффекты, материалы опто- и акустоэлектроники. Сборник представляет интерес для научных работников и инженеров, занимающихся микроэлектроникой и вычислительной техникой, а также для аспирантов, работающих в области диэлектрической электроники.
|
| 461 |
|
1 |
|0 (RuTPU)RU\TPU\book\339113
|t Физика диэлектриков и новые области их применения
|o тезисы докладов Всесоюзной научной конференции, 8-10 июня 1978 г., г. Караганда
|f Карагандинский политехнический институт (КарПИ, КарПТИ) ; Академия наук СССР (АН СССР), Физико-технический институт им. А. Ф. Иоффе (ФТИ) ; Академия наук СССР (АН СССР), Научный совет по сегнетоэлектрикам и диэлектрикам, Секция физики диэлектриков
|v Секция: Диэлектрическая электроника
|n [Б. и.]
|d 1978
|
| 606 |
1 |
|
|a Диэлектрики
|x Физика
|2 stltpush
|3 (RuTPU)RU\TPU\subj\71618
|
| 606 |
1 |
|
|a Электроника диэлектрическая
|2 stltpush
|3 (RuTPU)RU\TPU\subj\20322
|9 45431
|
| 610 |
1 |
|
|a чувствительная электропроводимость
|
| 610 |
1 |
|
|a ванадиево-фосфатное стекло
|
| 610 |
1 |
|
|a тонкие пленки
|
| 610 |
1 |
|
|a диэлектрические свойства
|
| 610 |
1 |
|
|a МДП-структуры
|
| 610 |
1 |
|
|a поверхностные состояния
|
| 610 |
1 |
|
|a энергетические спектры
|
| 610 |
1 |
|
|a экспресс-методы
|
| 610 |
1 |
|
|a конференции
|
| 610 |
1 |
|
|a библиотека А. А. Воробьева
|
| 610 |
1 |
|
|a дары библиотеке
|
| 610 |
1 |
|
|a дары
|
| 675 |
|
|
|a 537.226(063)
|v 4
|
| 675 |
|
|
|a 621.38(063)
|v 4
|
| 801 |
|
1 |
|a RU
|b 63413507
|c 20190226
|
| 801 |
|
2 |
|a RU
|b 63413507
|c 20190504
|g RCR
|
| 942 |
|
|
|c BK
|